000 00666 a2200193 4500
001 56667
005 20260407155830.0
008 260407a1953 arg spa d
003 AR-UNSa-BCEJYS
040 _aAR-UNSa-BCEJYS
_bspa
_cAR-UNSa-BCEJYS
080 _a001.8
_xMetodología. Estudio general del método. Procedimientos científicos y técnicos para el estudio, La investigación y la discusión
245 1 0 _aLos métodos de investigación en las Ciencias Sociales
264 1 _aBuenos Aires :
_bPaidós
_c1953
300 _a590 p.
_c22 cm.
942 _cBK
590 _aniveau_biblio:m niveau_hierar:0
100 1 _aFestinger, Leon
700 1 _aKatz, Daniel
999 _c6005
_d6005